Travel guide Japan
Here is a handy guidebook to carry with you on your travels throughout Hapan. In addition to giving useful information about the main cities and resorts, it tells you where to stay, what kind of food you can enjoy, where to buy good souvenirs and even what hobbies to take up.
Guardado en:
| Formato: | Libro |
|---|---|
| Lenguaje: | Undetermined |
| Publicado: |
Chiyodaku, Tokyo
Japan Travel Bureau
1977
|
| Materias: | |
| Etiquetas: |
Agregar Etiqueta
Sin Etiquetas, Sea el primero en etiquetar este registro!
|
| Thư viện lưu trữ: | Trung tâm Học liệu Trường Đại học Cần Thơ |
|---|
| LEADER | 00793nam a2200181Ia 4500 | ||
|---|---|---|---|
| 001 | CTU_104581 | ||
| 008 | 210402s9999 xx 000 0 und d | ||
| 082 | |a 915.2 | ||
| 082 | |b T779 | ||
| 245 | 0 | |a Travel guide Japan | |
| 260 | |a Chiyodaku, Tokyo | ||
| 260 | |b Japan Travel Bureau | ||
| 260 | |c 1977 | ||
| 520 | |a Here is a handy guidebook to carry with you on your travels throughout Hapan. In addition to giving useful information about the main cities and resorts, it tells you where to stay, what kind of food you can enjoy, where to buy good souvenirs and even what hobbies to take up. | ||
| 650 | |a Nhật Bản đất nước con người,Nhật Bản | ||
| 650 | |x Địa lý và du hành | ||
| 904 | |i Minh | ||
| 980 | |a Trung tâm Học liệu Trường Đại học Cần Thơ | ||